| 000 | 00796nam a2200205 a 4500 | ||
|---|---|---|---|
| 008 | 120416s1985 ||||||||||||||||| || u | ||
| 020 | _a0566006723 | ||
| 050 | _aHD 596 Lan | ||
| 100 | _aBarrett, Susan, 1942- | ||
| 245 | 1 | 0 |
_aLand policy _cedited by Susan Barrett |
| 246 | _aproblems and alternatives | ||
| 260 |
_aAldershot, Hants _bGower _c1985 |
||
| 300 | _axi, 392p. : ill. | ||
| 350 | _a0.00 | ||
| 500 | _aPapers originally presented at a conference held in Oxford in March 1983. -Bibliography: p. 372-392. | ||
| 650 | _aLAND | ||
| 650 | _aLand use--Government policy--Great Britain--Congresses | ||
| 700 | _aHealey, Patsy | ||
| 995 |
_D0.00 _FCBU-MAIN LIBRARY (Kitwe) _H1 _I21.33 _M1 _UAVAILABLE _ZMain Library Open Access Collection |
||
| 999 |
_c48801 _d48801 |
||